Statistics for Pro Sports Teams Whose Names DON'T End in "S"

Click here to take the quiz!

General Stats

  • This quiz has been taken 80 times
  • The average score is 7 of 9

Answer Stats

Teams% Correct
Utah Jazz
88%
Boston Red Sox
81%
Chicago White Sox
81%
Miami Heat
79%
Oklahoma City Thunder
75%
Minnesota Wild
72%
Orlando Magic
71%
Colorado Avalanche
69%
Tampa Bay Lightning
59%

Score Distribution

Percentile by Number Answered

Percent of People with Each Score

Your Score History

You have not taken this quiz